XI's iniciales equipos LPF 2025 - Estadísticas

Estadísticas generales
  • Esta prueba ha sido intentada 6 veces
  • La puntuación promedio es 87 de 360
Estadísticas de respuestas
Hint Respuesta % Correcto

DEF Imagen

Elías Gómez
100%

CEN Imagen

Iván Gómez
100%

DEF Imagen

Luciano Gómez
100%

DT Imagen

Sergio Gómez
100%

POR Imagen

Agustín Marchesín
83%

DEF Imagen

Ayrton Costa
83%

DEF Imagen

Luis Advíncula
83%

CEN Imagen

Martín Fernández
83%

CEN Imagen

|

DEL Imagen

Nicolás Fernández
83%

DEF Imagen

Santiago Fernández
83%

DT Imagen

Alfredo Berti
67%

DT Imagen

Ariel Holan
67%

DEL Imagen

Braian Romero
67%

DEL Imagen

Carlos Gonzalez
67%

CEN Imagen

César Pérez
67%

DEF Imagen

Damián Martínez
67%

DEF Imagen

Damián Pérez
67%

DEL Imagen

David Romero
67%

CEN Imagen

Enzo Pérez
67%

POR Imagen

Franco Armani
67%

POR Imagen

Gabriel Arias
67%

DEF Imagen

German Pezzella
67%

DEL Imagen

Gonzalo Martínez
67%

DEF Imagen

Gonzalo Montiel
67%

DEF Imagen

Gonzalo Pérez
67%

POR Imagen

Ignacio Arce
67%

POR Imagen

Jorge Broun
67%

DT Imagen

Kily González
67%

DEF Imagen

Lautaro Blanco
67%

DEF Imagen

Lautaro Di Lollo
67%

CEN Imagen

Leonel Pérez
67%

DT Imagen

Marcelo Gallardo
67%

DEF Imagen

Marcos Acuña
67%

DEF Imagen

Mateo Del Blanco
67%

DEL Imagen

Maximiliano Romero
67%

DEL Imagen

Miguel Borja
67%

DEF Imagen

Rodrigo Gonzalez
67%

DEL Imagen

Ronaldo Martínez
67%

CEN Imagen

Santiago González
67%

CEN Imagen

Santiago Montiel
67%

DEL Imagen

Sebastián Villa
67%

CEN Imagen

Alan Sosa
50%

DT Imagen

Alexander Medina
50%

DEL Imagen

Andrés Vombergar
50%

DEF Imagen

Carlos Quintana
50%

CEN Imagen

Carlos Villalba
50%

DEF Imagen

Daniel Herrera
50%

POR Imagen

Diego Rodríguez
50%

DT Imagen

Eduardo Domínguez
50%

DEF Imagen

Emanuel Coronel
50%

DEL Imagen

Enzo Copetti
50%

DEF Imagen

Ezequiel Herrera
50%

DEF Imagen

Facundo Mallo
50%

DT Imagen

Fernando Gago
50%

DEL Imagen

Franco Jara
50%

DT Imagen

Frank Kudelka
50%

CEN Imagen

Gabriel Díaz
50%

DEL Imagen

Gabriel Rojas
50%

DEL Imagen

Gastón Martirena
50%

POR Imagen

Guido Herrera
50%

DT Imagen

Gustavo Costas
50%

CEN Imagen

Ignacio Malcorra
50%

CEN Imagen

Ignacio Miramón
50%

DEL Imagen

Ignacio Russo
50%

DEF Imagen

Iván Villalba
50%

DEL Imagen

Jaminton Campáz
50%

DEL Imagen

Jonathan Herrera
50%

DT Imagen

Julio Vaccari
50%

DEF Imagen

Kevin Lomónaco
50%

CEN Imagen

Kevin Zenón
50%

POR Imagen

Keylor Navas
50%

DEL Imagen

Leandro Díaz
50%

DEF Imagen

Leonardo Jara
50%

DEF Imagen

Lucas Martinez Quarta
50%

DEF Imagen

Lucas Rodríguez
50%

CEN Imagen

Manuel García
50%

DEF Imagen

Marco Di Césare
50%

DEL Imagen

Mateo Coronel
50%

CEN Imagen

Matías Ariel García
50%

POR Imagen

Matías Mansilla
50%

DT Imagen

Miguel Ángel Russo
50%

DEL Imagen

Milton Giménez
50%

DT Imagen

Omar De Felippe
50%

DEL Imagen

Ramiro Ruiz Rodríguez
50%

CEN Imagen

Rodrigo Herrera
50%

DEF Imagen

Rodrigo Insúa
50%

POR Imagen

Rodrigo Rey
50%

CEN Imagen

Rubén Botta
50%

DT Imagen

Rubén Insúa
50%

DEF Imagen

Sebastián Boselli
50%

DT Imagen

Sebastián Domínguez
50%

CEN Imagen

Sebastián Driussi
50%

CEN Imagen

Tiago Palacios
50%

POR Imagen

Tomás Marchiori
50%

DEL Imagen

Victorio Ramis
50%

DEL Imagen

Walter Bou
50%

DEF Imagen

Aarón Quirós
33%

CEN Imagen

Adrián Sánchez
33%

CEN Imagen

Agustín Almendra
33%

CEN Imagen

Agustín Bouzat
33%

DEF Imagen

Agustín Sández
33%

CEN Imagen

Camilo Rey Domenech
33%

CEN Imagen

Diego Tarzia
33%

DEF Imagen

Eric Meza
33%

DEF Imagen

Erik Godoy
33%

DEL Imagen

Exequiel Zeballos
33%

POR Imagen

Ezequiel Centurión
33%

DEL Imagen

Federico Girotti
33%

CEN Imagen

Felipe Loyola
33%

DEL Imagen

Gabriel Ávalos
33%

CEN Imagen

Gabriel Neves
33%

DEL Imagen

Gaspar Duarte
33%

CEN Imagen

Guillermo Acosta
33%

POR Imagen

Hernán Galíndez
33%

DEF Imagen

Ignacio Vázquez
33%

DEL Imagen

Jhonatan Candia
33%

DEF Imagen

Juan Ignacio Nardoni
33%

CEN Imagen

Kevin Gutiérrez
33%

CEN Imagen

Kevin Vázquez
33%

DEL Imagen

Luca Martinez Dupuy
33%

POR Imagen

Lucas Acosta
33%

DT Imagen

Lucas Pusineri
33%

CEN Imagen

Luciano Cabral
33%

DEL Imagen

Luis Angulo
33%

CEN Imagen

Luis Sequeira
33%

DEL Imagen

Manuel Duarte
33%

DEL Imagen

Marcelino Moreno
33%

DEF Imagen

Marco Pellegrino
33%

DEF Imagen

Matías De los Santos
33%

CEN Imagen

Matías Galarza
33%

DT Imagen

Mauricio Pellegrino
33%

DEL Imagen

Maximiliano Meza
33%

CEN Imagen

Maximiliano Salas
33%

DT Imagen

Pedro Troglio
33%

DT Imagen

Ricardo Zielinski
33%

CEN Imagen

Santiago Solari
33%

CEN Imagen

Tomás Bottari
33%

CEN Imagen

Ulises Sánchez
33%

DEL Imagen

Adrián Balboa
17%

DEL Imagen

Agustín Alaniz
17%

CEN Imagen

Agustín Cardozo
17%

CEN Imagen

Alan Lescano
17%

DEL Imagen

Alan Velasco
17%

DEL Imagen

Alejandro Molina
17%

CEN Imagen

Alexis Castro
17%

CEN Imagen

Alexis Manyoma
17%

DEL Imagen

Alex Luna
17%

CEN Imagen

Alex Vigo
17%

DEF Imagen

Carlos Izquierdoz
17%

CEN Imagen

Christian Ordóñez
17%

DEF Imagen

Claudio Corvalán
17%

DT Imagen

Cristian Fabbiani
17%

DEF Imagen

Cristian Paz
17%

DT Imagen

Diego Dabove
17%

CEN Imagen

Eduardo Salvio
17%

DEF Imagen

Elías Báez
17%

CEN Imagen

Elías Cabrera
17%

DEL Imagen

Elías Torres
17%

DEF Imagen

Emanuel Mammana
17%

CEN Imagen

Ezequiel Ham
17%

DEF Imagen

Fabio Pereyra
17%

DEF Imagen

Facundo Roncaglia
17%

POR Imagen

Facundo Sanguinetti
17%

CEN Imagen

Federico Navarro
17%

DEF Imagen

Federico Vera
17%

CEN Imagen

Felipe Peña Biafore
17%

DEF Imagen

Fernando Alarcón
17%

DEL Imagen

Fernando Cardozo
17%

DEF Imagen

Fernando Tobio
17%

DEF Imagen

Francisco Álvarez
17%

DEL Imagen

Francisco Pizzini
17%

CEN Imagen

Franco Ibarra
17%

DEF Imagen

Gastón Suso
17%

CEN Imagen

Giuliano Galoppo
17%

DT Imagen

Gustavo Benítez
17%

CEN Imagen

Iván Marcone
17%

DEL Imagen

Iván Morales
17%

CEN Imagen

Iván Tapia
17%

DEF Imagen

Jano Gordon
17%

DT Imagen

Javier Sanguinetti
17%

DEF Imagen

Johan Romaña
17%

DEF Imagen

Jonatan Galván
17%

CEN Imagen

José Florentín
17%

DEF Imagen

Juan Carlos Portillo
17%

DEF Imagen

Juan Manuel Insaurralde
17%

DEF Imagen

Juan Pintado
17%

DEF Imagen

Leandro Lozano
17%

CEN Imagen

Leonardo Gil
17%

DEL Imagen

Leonardo Heredia
17%

DEF Imagen

Leonardo Morales
17%

CEN Imagen

Lucas Castro
17%

DEF Imagen

Lucas Ferreira
17%

CEN Imagen

Malcom Braida
17%

POR Imagen

Manuel Roffo
17%

DEF Imagen

Martín Ortega
17%

DEF Imagen

Mateo Mendoza
17%

DEF Imagen

Mathías De Ritis
17%

POR Imagen

Matías Borgogno
17%

CEN Imagen

Matías Miranda
17%

CEN Imagen

Matías Ramírez
17%

CEN Imagen

Matko Miljevic
17%

CEN Imagen

Mauricio Cardillo
17%

CEN Imagen

Maximiliano Amarfil
17%

DEF Imagen

Miguel Navarro
17%

DEL Imagen

Nahuel Bustos
17%

DEF Imagen

Nehuén Paz
17%

POR Imagen

Nelson Insfrán
17%

DEF Imagen

Nicolás Caro Torres
17%

CEN Imagen

Nicolás Castro
17%

DT Imagen

Nicolas Diez
17%

CEN Imagen

Nicolás Oroz
17%

CEN Imagen

Nicolás Tripichio
17%

POR Imagen

Orlando Gill
17%

DEF Imagen

Pedro Ramírez
17%

DT Imagen

Raúl Antuña
17%

DEL Imagen

Rodrigo Castillo
17%

DEF Imagen

Román Vega
17%

CEN Imagen

Santiago Ascacíbar
17%

DEF Imagen

Santiago Morales
17%

DEF Imagen

Santiago Moyano
17%

DEF Imagen

Saúl Salcedo
17%

POR Imagen

Thiago Cardozo
17%

DEL Imagen

Tomás Galván
17%

DEF Imagen

Tomás Guidara
17%

DEL Imagen

Tomás Molina
17%

CEN Imagen

Vicente Taborda
17%

DEF Imagen

Adrián Spörle
0%

DEF Imagen

Agustín Dattola
0%

DEL Imagen

Agustín Palavecino
0%

POR Imagen

Alan Aguerre
0%

DEF Imagen

Alejo Montero
0%

DEL Imagen

Alexis Cuello
0%

DEF Imagen

Alexis Maldonado
0%

DEF Imagen

Andrés Meli
0%

DT Imagen

Andrés Yllana
0%

DT Imagen

Ariel Broggi
0%

CEN Imagen

Ayrton Preciado
0%

CEN Imagen

Bastián Yáñez
0%

DEF Imagen

Braian Cufré
0%

CEN Imagen

Bruno Lees
0%

DEF Imagen

César Ibáñez
0%

CEN Imagen

Damián Batallini
0%

CEN Imagen

Dardo Miloc
0%

CEN Imagen

David Barbona
0%

CEN Imagen

David Sotelo
0%

DT Imagen

Diego Flores
0%

CEN Imagen

Elián Irala
0%

DEF Imagen

Emanuel Aguilera
0%

POR Imagen

Enrique Bologna
0%

DT Imagen

Ernesto Pedernera
0%

DEF Imagen

Esteban Burgos
0%

CEN Imagen

Ever Banega
0%

DEF Imagen

Ezequiel Cannavo
0%

CEN Imagen

Facundo Altimira
0%

CEN Imagen

Facundo Quignón
0%

CEN Imagen

Federico Fattori
0%

DEF Imagen

Federico Rasmussen
0%

POR Imagen

Felipe Zenobio
0%

DEF Imagen

Francisco Gerometta
0%

CEN Imagen

Francisco González Matilli
0%

CEN Imagen

Francis Mac Allister
0%

POR Imagen

Franco Petroli
0%

DEL Imagen

Franco Toloza
0%

DEL Imagen

Franco Zapiola
0%

CEN Imagen

Gabriel Alanís
0%

CEN Imagen

Gabriel Carbajal
0%

DEF Imagen

Gabriel Compagnucci
0%

DEF Imagen

Gastón Benavídez
0%

DEF Imagen

Gastón Benedetti
0%

CEN Imagen

Gastón Lodico
0%

DEL Imagen

Gastón Verón
0%

CEN Imagen

Gerónimo Rivera
0%

DEF Imagen

Gianluca Ferrari
0%

CEN Imagen

Giuliano Cerato
0%

DEF Imagen

Gonzalo Escudero
0%

DEF Imagen

Gonzalo Mottes
0%

DEF Imagen

Gonzalo Requena
0%

CEN Imagen

Gonzalo Ríos
0%

DEL Imagen

Guido Mainero
0%

CEN Imagen

Horacio Tajinovich
0%

DEF Imagen

Ignacio Guerrico
0%

CEN Imagen

Jabes Saralegui
0%

DEL Imagen

Javier Ruiz
0%

DEF Imagen

Joaquín Laso
0%

CEN Imagen

Joaquín Mosquera
0%

DEF Imagen

Joaquín Pombo
0%

DEL Imagen

Jonás Acevedo
0%

DEF Imagen

Jonathan Bay
0%

DEL Imagen

Juan Bisanz
0%

POR Imagen

Juan Espínola
0%

DEF Imagen

Juan Franco
0%

DEF Imagen

Juan Ignacio Saborido
0%

DEF Imagen

Juan Infante
0%

DEL Imagen

Juan Miritello
0%

POR Imagen

Juan Pablo Cozzani
0%

DEF Imagen

Juan Pablo Ludueña
0%

DEF Imagen

Kevin Jappert
0%

DEL Imagen

Kevin Parzajuk
0%

CEN Imagen

Lautaro Ríos
0%

DEF Imagen

Lautaro Rivero
0%

CEN Imagen

Leonel Picco
0%

CEN Imagen

Lorenzo Scipioni
0%

CEN Imagen

Luca Regiardo
0%

DEL Imagen

Lucas Alario
0%

DEL Imagen

Lucas Diarte
0%

DEL Imagen

Lucas Gamba
0%

DEF Imagen

Luciano Abecasis
0%

DEF Imagen

Luciano Recalde
0%

CEN Imagen

Manuel Panaro
0%

DEL Imagen

Marcelo Estigarribia
0%

CEN Imagen

Marco Iacobellis
0%

POR Imagen

Marcos Ledesma
0%

DEF Imagen

Mariano Trolio
0%

CEN Imagen

Mario Sanabria
0%

DEF Imagen

Martín Luciano
0%

CEN Imagen

Martín Río
0%

DEL Imagen

Mateo Silvetti
0%

CEN Imagen

Matías Galarza Fonda
0%

CEN Imagen

Matías Perelló
0%

CEN Imagen

Matías Reali
0%

DEL Imagen

Matías Tissera
0%

CEN Imagen

Mauro Pittón
0%

CEN Imagen

Milton Céliz
0%

DEF Imagen

Nahuel Banegas
0%

POR Imagen

Nahuel Losada
0%

DEF Imagen

Nazareno Colombo
0%

DEF Imagen

Néstor Breitenbruch
0%

DEL Imagen

Nicolás Benegas
0%

DEF Imagen

Nicolás Capraro
0%

DEL Imagen

Nicolás Cordero
0%

DEF Imagen

Nicolás Demartini
0%

CEN Imagen

Nicolás Pelaitay
0%

DEF Imagen

Nicolás Sansotre
0%

CEN Imagen

Nicolás Watson
0%

DEF Imagen

Oscar Salomón
0%

CEN Imagen

Pablo de Blasis
0%

DT Imagen

Pablo de Muner
0%

DEL Imagen

Pablo Magnin
0%

CEN Imagen

Pablo Monje
0%

DEF Imagen

Pedro Silva Torrejón
0%

CEN Imagen

Rafael Profini
0%

DEL Imagen

Ramiro Carrera
0%

DEF Imagen

Ramiro Di Luciano
0%

DEF Imagen

Rodrigo Cáseres
0%

DEF Imagen

Ronaldo Dejesús
0%

DEF Imagen

Santiago Flores
0%

DEF Imagen

Santiago Núñez
0%

DEF Imagen

Sasha Marcich
0%

DEF Imagen

Sebastián Prieto
0%

DEF Imagen

Sebastián Valdez
0%

CEN Imagen

Tiago Cravero
0%

CEN Imagen

Tobías Leiva
0%

DEF Imagen

Tobias Ostchega
0%

POR Imagen

Tomás Durso
0%

DEF Imagen

Tomás Jacob
0%

DEF Imagen

Valentín Fascendini
0%

CEN Imagen

Walter Mazzantti
0%

POR Imagen

Williams Barlasina
0%

DEF Imagen

Yonatan Goitía
0%
No se encontraron pruebas coincidentes
Distribución de puntuación
Porcentaje de gente con cada puntuación
Porcentaje por número respondido
Historial de tus puntuaciones
No has intentado esta prueba.